00277nam a2200121Ia 4500008004100000100001600041245002700057260002600084300000800110650001300118942000700131999001700138190216s9999||||xx |||||||||||||| ||und|| aBalaram.N.E 0a28849vimarshana Sarani bPoorna Pubs Kozhikode a119 aLekhanam cBK c26980d26980